00626nam a2200205Ia 450000500170000000800460001702000180006303700220008104000200010304100130012308400210013610000310015724500770018826000390026530000120030436500130031649000490032994200210037899900210039920250507130342.0008 250505s9999 xx 000 0 eng d a0-19-829271-6 aAnnuals, Advances aEASLbengcEASL aeng2eng aX:51.4, P5qEASL aSugihara Kaoru Ed.9286197 0aJapan ,China,and the growth of the Asian international economy,1850-1949 aUKbOxford Oxford Universityc2005 axv295p. ab175.00 aJapan Studies in Economic and SOcial History cTEXLhX:51.4, P5 c1319173d1319173